LEADER 01011nam0-2200325 --450 001 9910646895403321 005 20230222123820.0 010 $a88-04-34549-7 100 $a20230222d1991----kmuy0itay5050 ba 101 0 $aita 102 $aIT 105 $a 001yy 200 1 $aGuida archeologica d'Italia$fdi Emanuele Greco e Angela Pontrandolfo$gcon la collaborazione di Adelia Pelosi e Gabriella Prisco 210 $aMilano$cA. Mondadori$d1991 215 $a383 p.$cill.$d25 cm 610 0 $aItalia$aGuide archeologiche 610 0 $aArcheologia$aItalia$aGuide 620 $aIT$dMilano 676 $a913.704$v19 700 1$aGreco,$bEmanuele$f<1945- >$034154 701 1$aPontrandolfo,$bAngela$0443791 702 1$aPelosi,$bAdelia 702 1$aPrisco,$bGabriella 801 0$aIT$bUNINA$gREICAT$2UNIMARC 901 $aBK 912 $a9910646895403321 952 $aFONDO ROSSI 3956$bROSSI 4077$fFARBC 959 $aFARBC 996 $aGuida archeologica d'Italia$93009578 997 $aUNINA LEADER 01189nam0 22002891i 450 001 UON00428544 005 20231205104857.464 100 $a20130708f1960 |0itac50 ba 101 $aita 102 $aIT 105 $a|||| 1|||| 200 1 $aAntologia di scrittori garibaldini$fa cura di Gaetano Mariani 210 $a[Bologna]$cCappelli$dstampa 1960 215 $a354 p.$d20 cm. 410 1$1001UON00428545$12001 $aUniversale Cappelli. Serie Lettere e Arti$1210 $a[Bologna]$cCappelli.$v36-37 606 $aSCRITTORI ITALIANI$xSec. 19-20$3UONC068877$2FI 606 $aGARIBALDINI$xDiari e memorie$xAntologie$3UONC075799$2FI 620 $aIT$dBologna$3UONL000085 676 $a850.7$cLetteratura italiana, 1814-1859$v21 702 1$aMARIANI$bGaetano$3UONV122081 712 $aCappelli$3UONV246944$4650 801 $aIT$bSOL$c20240220$gRICA 899 $aSIBA - SISTEMA BIBLIOTECARIO DI ATENEO$2UONSI 912 $aUON00428544 950 $aSIBA - SISTEMA BIBLIOTECARIO DI ATENEO$dSI ITA II 1134 $eSI LO 47098 5 1134 $sBuono 996 $aAntologia di scrittori garibaldini$9809662 997 $aUNIOR